UBT Library

Consuming choices : (Record no. 44485)

000 -LEADER
fixed length control field 00843cam a2200253 a 4500
001 - CONTROL NUMBER
control field 16064719
005 - DATE AND TIME OF LATEST TRANSACTION
control field 20180308080503.0
008 - FIXED-LENGTH DATA ELEMENTS--GENERAL INFORMATION
fixed length control field 100122s2010 mdu b 001 0 eng
010 ## - LIBRARY OF CONGRESS CONTROL NUMBER
LC control number 2010000117
020 ## - INTERNATIONAL STANDARD BOOK NUMBER
International Standard Book Number 9780742548138 (cloth : alk. paper)
020 ## - INTERNATIONAL STANDARD BOOK NUMBER
International Standard Book Number 9780742548145 (pbk. : alk. paper)
020 ## - INTERNATIONAL STANDARD BOOK NUMBER
International Standard Book Number 9781442204300 (electronic : alk. paper)
040 ## - CATALOGING SOURCE
Original cataloging agency DLC
Transcribing agency DLC
Modifying agency DLC
041 ## - LANGUAGE CODE
Language code of text/sound track or separate title eng
080 ## - UNIVERSAL DECIMAL CLASSIFICATION NUMBER
Universal Decimal Classification number 174.4 SCH
082 00 - DEWEY DECIMAL CLASSIFICATION NUMBER
Classification number 174.4 SCH
Edition number 23
100 1# - Rafti
Rafti 60
101 ## - Shkurtesa
Shkurtesa MAR
245 10 - TITLE STATEMENT
Title Consuming choices :
Statement of responsibility, etc David T. Schwartz.
504 ## - BIBLIOGRAPHY, ETC. NOTE
Bibliography, etc Includes bibliographical references (p. 125-130) and index.
906 ## - LOCAL DATA ELEMENT F, LDF (RLIN)
a 7
b cbc
c orignew
d 1
e ecip
f 20
g y-gencatlg
942 ## - ADDED ENTRY ELEMENTS (KOHA)
Source of classification or shelving scheme
Item type Books
Holdings
Withdrawn status Lost status Source of classification or shelving scheme Damaged status Not for loan Collection code Permanent location Current location Shelving location Date acquired Total Checkouts Full call number Barcode Date last seen Price effective from Koha item type
          Koleksioni i përgjithshem UBT - Lipjan UBT - Lipjan Koleksioni i përgjithshem 03/08/2018   174.4 SCH 002-3001106 03/08/2018 03/08/2018 Books
UBT Library © 2015-2024. All rights reserved University Education for Business and Technology